[Event "Interclub A"]
[Site "Adelaide"]
[Date "2008.04.29"]
[Round "1.1"]
[White "Hubczenko, Ilya"]
[Black "Goldsmith, Alan"]
[Result "1/2-1/2"]
[WhiteElo "1576"]
[BlackElo "2030"]
[PlyCount "89"]
[EventDate "2008.04.29"]

1. e4 c5 2. Nf3 Nc6 3. Bb5 Nd4 4. Bc4 e6 5. c3 b5 6. cxd4 bxc4 7. Qa4 cxd4 8.
Qxc4 Qb6 9. O-O Ba6 10. Qxd4 Bxf1 11. Qxb6 axb6 12. Kxf1 Nf6 13. Nc3 Bb4 14. d3
O-O 15. Bd2 Rfc8 16. a3 Bxc3 17. Bxc3 d5 18. e5 Nd7 19. Ke2 Nc5 20. Nd4 f6 21.
f4 Kf7 22. Nb5 Ke7 23. Rf1 Na4 24. Kd2 Nxc3 25. Nxc3 Rc5 26. d4 Rc4 27. Kd3 b5
28. exf6+ gxf6 29. f5 b4 30. axb4 Rg8 31. fxe6 Rcc8 32. Nxd5+ Kxe6 33. Nf4+ Kd7
34. g3 Rg5 35. d5 Rb8 36. Kc4 Re5 37. Nd3 Re4+ 38. Kc3 Ke7 39. Re1 Rc8+ 40. Kb3
Rxe1 41. Nxe1 Kd6 42. Nd3 Kxd5 43. Nf4+ Ke4 44. b5 Kd4 45. Nh5 1/2-1/2

[Event "Interclub A"]
[Site "Adelaide"]
[Date "2008.04.29"]
[Round "1.2"]
[White "Glascott, Brent"]
[Black "Cooke, Tristrom"]
[Result "0-1"]
[WhiteElo "1178"]
[BlackElo "1558"]
[PlyCount "116"]
[EventDate "2008.04.29"]

1. e4 e5 2. Nf3 Nc6 3. d4 exd4 4. Nxd4 Qh4 5. c3 Qxe4+ 6. Be3 Nxd4 7. Qxd4 Qxd4
8. Bxd4 d5 9. Bd3 Be6 10. Bb5+ c6 11. Bd3 Ne7 12. O-O Bf5 13. Be2 Bxb1 14.
Raxb1 Nf5 15. Be5 f6 16. Bf4 Bd6 17. Bxd6 Nxd6 18. Rfe1 O-O 19. Bf3 Rfe8 20.
Red1 Re7 21. b3 b5 22. a3 Rae8 23. h3 Ne4 24. Rbc1 Nc5 25. Rb1 Ne4 26. Rbc1 Nd6
27. c4 bxc4 28. bxc4 Nxc4 29. Kf1 Ne5 30. Re1 Nxf3 31. Rxe7 Rxe7 32. gxf3 Rc7
33. Rc5 Kf7 34. Ke2 Ke6 35. Ke3 Kd6 36. Kd4 g5 37. Rc1 c5+ 38. Kc3 Rb7 39. Re1
c4 40. Kd2 d4 41. Re8 Rb2+ 42. Ke1 c3 43. Kd1 Kd5 44. Re7 Kc4 45. Rxa7 Kd3 46.
Kc1 Rxf2 47. Kb1 c2+ 48. Kb2 Kd2 49. Rc7 Kd1 50. Kb3 Rxf3+ 51. Kb4 c1=Q 52.
Rxc1+ Kxc1 53. a4 d3 54. a5 d2 55. a6 d1=Q 56. Kb5 Qb3+ 57. Kc6 Qc4+ 58. Kb7
Rb3+ 0-1

[Event "Interclub A"]
[Site "Adelaide"]
[Date "2008.04.29"]
[Round "1.3"]
[White "Vosvotekas, Ross"]
[Black "Harrison, Richard"]
[Result "1-0"]
[WhiteElo "1649"]
[BlackElo "1085"]
[Annotator "Anderson-Smith,W.T."]
[PlyCount "65"]
[EventDate "2008.04.29"]

1. e4 e5 2. Nf3 Nc6 3. Bc4 Nf6 4. d3 Be7 5. Bg5 h6 6. Bxf6 Bxf6 7. Nc3 O-O 8.
Qd2 d6 9. h3 a6 10. Ne2 Be6 11. Bb3 d5 12. O-O-O a5 13. exd5 Bxd5 14. Bxd5 Qxd5
15. Nc3 Qe6 16. Kb1 Rfb8 17. g4 Nd4 18. Nxd4 exd4 19. Ne4 b5 20. f4 b4 21.
Nxf6+ Qxf6 22. g5 hxg5 23. fxg5 Qd6 24. Rdf1 c5 25. h4 a4 26. h5 b3 27. h6 a3
28. cxb3 axb2 29. hxg7 Qa6 30. Qxb2 Qxd3+ 31. Kc1 c4 32. Rd1 Qe3+ 33. Qd2 $138
1-0

[Event "Interclub A"]
[Site "Adelaide"]
[Date "2008.04.29"]
[Round "1.4"]
[White "Kramer, Warren"]
[Black "Atrens, Karlis"]
[Result "1/2-1/2"]
[WhiteElo "1369"]
[BlackElo "1166"]
[PlyCount "54"]
[EventDate "2008.04.29"]

1. e4 c6 2. d4 d5 3. Nc3 dxe4 4. Nxe4 Bf5 5. Ng3 Bg6 6. Nf3 Nd7 7. Be3 e6 8.
Be2 Ngf6 9. h4 h6 10. h5 Bh7 11. Nh2 Bd6 12. Qd2 Qb6 13. c3 Nd5 14. Bf3 Bxg3
15. fxg3 Nxe3 16. Qxe3 Qxb2 17. O-O Nf6 18. c4 Rd8 19. d5 cxd5 20. cxd5 Nxd5
21. Qxa7 O-O 22. Bxd5 Rxd5 23. Nf3 Be4 24. Qe3 Bxf3 25. Qxf3 Rf5 26. Qd1 Rd5
27. Qf3 Rf5 1/2-1/2

[Event "Interclub A"]
[Site "Adelaide"]
[Date "2008.04.29"]
[Round "1.1"]
[White "Zaric, Srboljub"]
[Black "Jackson, Ralph E"]
[Result "1/2-1/2"]
[WhiteElo "2101"]
[BlackElo "1901"]
[PlyCount "83"]
[EventDate "2008.04.29"]

1. e4 g6 2. d4 Bg7 3. Nc3 c6 4. Be2 d6 5. Nf3 Nf6 6. O-O O-O 7. h3 b5 8. e5 Ne8
9. Bf4 Nd7 10. Ne4 Nb6 11. Qd2 Be6 12. Rfd1 Qc7 13. b3 Rd8 14. exd6 exd6 15.
Rac1 Nd5 16. c4 Nxf4 17. Qxf4 bxc4 18. bxc4 d5 19. Qxc7 Nxc7 20. Nc5 Rfe8 21.
Nxe6 Nxe6 22. Bf1 Rb8 23. cxd5 cxd5 24. Rb1 Rb6 25. Rxb6 axb6 26. Bb5 Rc8 27.
Bd7 Rc4 28. Bxe6 fxe6 29. Kf1 h6 30. Ke2 Rc2+ 31. Rd2 Rxd2+ 32. Kxd2 Kf7 33.
Kc3 Ke7 34. Kb4 Kd6 35. Kb5 Kc7 36. a4 Bf6 37. a5 bxa5 38. Kxa5 Kd6 39. Kb4 e5
40. dxe5+ Bxe5 41. Kb3 Bf6 42. Kc2 1/2-1/2

[Event "Interclub A"]
[Site "Adelaide"]
[Date "2008.04.29"]
[Round "1.2"]
[White "Haydn, Gavin"]
[Black "Hoff, Michael"]
[Result "0-1"]
[WhiteElo "1551"]
[BlackElo "1840"]
[PlyCount "60"]
[EventDate "2008.04.29"]

1. d4 Nf6 2. Bg5 g6 3. Nd2 Bg7 4. e4 d6 5. f4 O-O 6. Ngf3 c5 7. Be2 Ng4 8. Nf1
cxd4 9. Nxd4 Nf6 10. Ng3 Nc6 11. c3 Qb6 12. Nxc6 bxc6 13. Qd2 Rb8 14. Rb1 Be6
15. b3 h6 16. Bxf6 Bxf6 17. h4 a5 18. Rf1 a4 19. f5 Qc5 20. e5 Bxh4 21. fxe6
Bxg3+ 22. Kd1 dxe5 23. exf7+ Kg7 24. Kc2 Rbd8 25. Qc1 Bf4 26. Rxf4 exf4 27.
Qxf4 Rxf7 28. Qe4 Rf2 29. b4 Qf5 30. Qxf5 Rxe2+ 0-1

[Event "Interclub A"]
[Site "Adelaide"]
[Date "2008.04.29"]
[Round "1.3"]
[White "Lidums, Aivars"]
[Black "Hatch, John"]
[Result "1-0"]
[WhiteElo "1583"]
[BlackElo "1466"]
[PlyCount "65"]
[EventDate "2008.04.29"]

1. c4 e5 2. Nc3 d6 3. g3 Nf6 4. Bg2 Be7 5. e3 O-O 6. Nge2 Nc6 7. O-O Bg4 8. a3
Qd7 9. b4 Bh3 10. d3 Bxg2 11. Kxg2 a6 12. Bb2 d5 13. Qc2 d4 14. exd4 exd4 15.
Nd1 Rac8 16. f3 Rfd8 17. Nf2 Qf5 18. Rae1 Ne5 19. Nxd4 Rxd4 20. Bxd4 Qxf3+ 21.
Kg1 Nc6 22. Bb2 Rd8 23. d4 Kf8 24. d5 Nb8 25. Ne4 Qh5 26. Bxf6 gxf6 27. Nxf6
Bxf6 28. Rxf6 Nd7 29. Rf5 Qg6 30. Qe4 Nf6 31. Qe7+ Kg7 32. Ref1 Rd6 33. Qxc7
1-0

[Event "Interclub A"]
[Site "Adelaide"]
[Date "2008.04.29"]
[Round "1.4"]
[White "Bortsova, Natasha"]
[Black "Atrens, Edvard"]
[Result "0-1"]
[WhiteElo "1102"]
[BlackElo "1397"]
[PlyCount "68"]
[EventDate "2008.04.29"]

1. d4 Nf6 2. c4 e6 3. Nf3 Bb4+ 4. Nc3 c5 5. Bf4 a6 6. e3 d5 7. a3 cxd4 8. Qa4+
Bd7 9. Qxb4 dxc3 10. Qxc3 O-O 11. Be2 Nc6 12. O-O Ne4 13. Qd3 Nc5 14. Qc2 Qe7
15. b4 Ne4 16. c5 e5 17. Bg3 Bf5 18. Bd3 Nxg3 19. Bxf5 Nxf1 20. Bxh7+ Kh8 21.
Rxf1 e4 22. Nd4 Nxd4 23. exd4 Kxh7 24. f3 f5 25. Qe2 e3 26. f4 g6 27. Rf3 Rae8
28. Rh3+ Kg7 29. g3 Qe4 30. Rh4 Rh8 31. Rxh8 Rxh8 32. b5 axb5 33. Qxb5 e2 34.
Qxb7+ Kh6 0-1

[Event "Interclub A"]
[Site "Adelaide"]
[Date "2008.04.29"]
[Round "1.1"]
[White "Sykes, Alexander"]
[Black "Cloudsdale, Colin"]
[Result "0-1"]
[WhiteElo "1920"]
[BlackElo "1962"]
[PlyCount "50"]
[EventDate "2008.04.29"]

1. d4 Nf6 2. c4 e6 3. Nc3 Bb4 4. e3 O-O 5. Nge2 c5 6. a3 Bxc3+ 7. Nxc3 b6 8.
Be2 Bb7 9. O-O d5 10. cxd5 exd5 11. dxc5 bxc5 12. b4 Na6 13. Rb1 Qe7 14. b5 Nc7
15. a4 Rfd8 16. Bf3 Ne4 17. Qc2 f5 18. Ba3 Ne6 19. a5 Rac8 20. b6 a6 21. Rfc1
Qf6 22. Na4 d4 23. Qb2 c4 24. exd4 Nxd4 25. Bd1 c3 0-1

[Event "Interclub A"]
[Site "Adelaide"]
[Date "2008.04.29"]
[Round "1.2"]
[White "Milton, Anthony W"]
[Black "Djelaj, Pasko"]
[Result "1-0"]
[WhiteElo "1510"]
[BlackElo "1647"]
[PlyCount "101"]
[EventDate "2008.04.29"]

1. d4 Nf6 2. c4 e6 3. Nc3 Bb4 4. Nf3 d5 5. e3 O-O 6. Bd3 c5 7. a3 Ba5 8. O-O
Nc6 9. Ne2 a6 10. cxd5 exd5 11. dxc5 Bc7 12. b4 Re8 13. Bb2 h6 14. Qc2 Bg4 15.
Nfd4 Rc8 16. Nxc6 bxc6 17. Bxa6 Rb8 18. Nd4 Bd7 19. Bd3 Ne4 20. f3 Nf6 21. Rae1
Kh8 22. e4 dxe4 23. fxe4 Ng4 24. Nf3 Ra8 25. e5 h5 26. Bf5 Nh6 27. Bxd7 Qxd7
28. Qd2 Qxd2 29. Nxd2 Kg8 30. Nc4 Re6 31. Nd6 Rb8 32. h3 Kf8 33. Re2 f5 34. a4
g6 35. Bc3 Ra8 36. Ra1 Kg7 37. b5 Ng8 38. b6 Bb8 39. a5 Ne7 40. a6 Nd5 41. Bd4
Kf8 42. b7 Ra7 43. Nc8 Re8 44. Nxa7 Bxa7 45. e6 Nf4 46. e7+ Kf7 47. Ree1 Ne6
48. Be5 Bxc5+ 49. Kh2 Ba7 50. Rab1 Rxe7 51. b8=Q 1-0

[Event "Interclub A"]
[Site "Adelaide"]
[Date "2008.04.29"]
[Round "1.3"]
[White "Paprzycki, Eryk"]
[Black "Griggs, James"]
[Result "1/2-1/2"]
[WhiteElo "1491"]
[BlackElo "1464"]
[PlyCount "93"]
[EventDate "2008.04.29"]

1. d4 Nf6 2. c4 d6 3. Nc3 g6 4. e4 Bg7 5. f3 Nbd7 6. Be3 O-O 7. Bd3 c5 8. d5
Nb6 9. Nge2 Nfd7 10. b3 a5 11. a4 Ne5 12. Bc2 f5 13. Rb1 fxe4 14. Bxe4 Bf5 15.
Qd2 Bxe4 16. Nxe4 Rxf3 17. Ng5 Rf5 18. Ne6 Qd7 19. Nxg7 Kxg7 20. Nf4 Kg8 21.
O-O Raf8 22. Qxa5 Nbxc4 23. bxc4 Nxc4 24. Qc3 Qxa4 25. Ne6 Rxf1+ 26. Rxf1 Rxf1+
27. Kxf1 Nxe3+ 28. Qxe3 Qc4+ 29. Ke1 Qxd5 30. Nf4 Qe5 31. Qxe5 dxe5 32. Nd3 c4
33. Nxe5 b5 34. Kd2 Kg7 35. Kc3 Kf6 36. Nf3 e5 37. Kb4 e4 38. Ne1 Ke5 39. Nc2
e3 40. Kxb5 Ke4 41. Kxc4 h5 42. Kc3 g5 43. Ne1 h4 44. h3 Kf4 45. Kd3 g4 46.
hxg4 Kxg4 47. Kxe3 1/2-1/2

[Event "Interclub A"]
[Site "Adelaide"]
[Date "2008.04.29"]
[Round "1.4"]
[White "Davey, Timothy"]
[Black "Hill, Steven"]
[Result "0-1"]
[WhiteElo "1325"]
[BlackElo "1426"]
[PlyCount "48"]
[EventDate "2008.04.29"]

1. e4 c6 2. Nf3 d5 3. exd5 Qxd5 4. Nc3 Qa5 5. d4 Bg4 6. h3 Bh5 7. Bd2 Qc7 8. g4
Bg6 9. Ne5 e6 10. h4 f6 11. Nxg6 hxg6 12. Qe2 e5 13. f4 Nd7 14. O-O-O O-O-O 15.
Rh3 Bb4 16. Qe3 Ne7 17. dxe5 fxe5 18. Qxa7 Nb6 19. Be3 Rxd1+ 20. Nxd1 c5 21. a3
Nc6 22. axb4 Nxa7 23. Bxc5 Kb8 24. Rd3 Rd8 0-1

[Event "Interclub A"]
[Site "Adelaide"]
[Date "2008.04.29"]
[Round "1.1"]
[White "Zorkovic, Ante"]
[Black "Zulfic, Fedja"]
[Result "0-1"]
[WhiteElo "1506"]
[BlackElo "1862"]
[PlyCount "108"]
[EventDate "2008.04.29"]

1. e4 d5 2. e5 c5 3. c3 e6 4. Nf3 Nc6 5. Bb5 Bd7 6. Bd3 Nge7 7. Bc2 Rc8 8. d3
Ng6 9. d4 cxd4 10. Bxg6 hxg6 11. Bd2 Qb6 12. Qb3 Bc5 13. O-O a6 14. Bf4 dxc3
15. Nxc3 Qxb3 16. axb3 Nb4 17. Na4 Ba7 18. Rac1 O-O 19. Be3 Bxe3 20. fxe3 Bxa4
21. bxa4 Nd3 22. Rb1 Rc4 23. Rfd1 Nc5 24. b3 Re4 25. Kf2 Rc8 26. Rd4 Rxd4 27.
exd4 Ne4+ 28. Kg1 Rc3 29. h4 Kh7 30. Rb2 Rc1+ 31. Kh2 Kh6 32. g4 Rc3 33. Kg2 g5
34. h5 Rc1 35. b4 Nc3 36. a5 Nb5 37. Kf2 Rc4 38. Ke3 Nc3 39. Kd3 Ne4 40. Ke2
Rc6 41. Ne1 f5 42. exf6 Nxf6 43. b5 Rd6 44. Kf3 b6 45. bxa6 bxa5 46. a7 Ra6 47.
Rb6 Rxa7 48. Rxe6 a4 49. Re2 Ne4 50. Ra2 Nc3 51. Ra3 Nb5 52. Re3 Nxd4+ 53. Kg3
a3 54. Re8 Kh7 0-1

[Event "Interclub A"]
[Site "Adelaide"]
[Date "2008.04.29"]
[Round "1.2"]
[White "Saint, Andrew"]
[Black "Ivkovic, Novica"]
[Result "1-0"]
[WhiteElo "1922"]
[BlackElo "1717"]
[PlyCount "53"]
[EventDate "2008.04.29"]

1. c4 f5 2. Nc3 e6 3. g3 Nf6 4. Bg2 d6 5. Nf3 Be7 6. O-O d5 7. d4 dxc4 8. a4
Nd5 9. Ne5 O-O 10. e4 Nxc3 11. bxc3 Qd6 12. Qc2 Qa6 13. Qa2 Nd7 14. Nxc4 fxe4
15. Bxe4 Nf6 16. Bd3 Nd5 17. Qc2 Nf6 18. Rb1 c5 19. Nb6 Qa5 20. Nxa8 Bd7 21.
Rxb7 Rxa8 22. Bb5 Qd8 23. Bxd7 Nxd7 24. Qe4 Nf8 25. Rxe7 Qxe7 26. Qxa8 h5 27.
Ba3 1-0

[Event "Interclub A"]
[Site "Adelaide"]
[Date "2008.04.29"]
[Round "1.3"]
[White "Miletic, Savo"]
[Black "Short, Andrew"]
[Result "0-1"]
[WhiteElo "1533"]
[BlackElo "1703"]
[PlyCount "82"]
[EventDate "2008.04.29"]

1. d4 Nf6 2. Nf3 g6 3. Bf4 Bg7 4. c3 O-O 5. e3 d6 6. Bd3 c5 7. Nbd2 Nbd7 8. Qc2
b6 9. h4 Bb7 10. e4 cxd4 11. cxd4 Qc8 12. Qd1 Ba6 13. Rc1 Qb7 14. Qe2 Bxd3 15.
Qxd3 Rac8 16. Rc3 Rxc3 17. bxc3 Rc8 18. O-O Nh5 19. Be3 Ndf6 20. Nh2 Nd7 21. g4
Nhf6 22. f3 Qc7 23. Rc1 e5 24. Nb3 d5 25. g5 dxe4 26. fxe4 Nh5 27. d5 Qc4 28.
Qc2 Ng3 29. Nd2 Ne2+ 30. Kf2 Qxc3 31. Qxc3 Rxc3 32. Re1 Nd4 33. Bxd4 exd4 34.
Nb3 Nc5 35. Nf3 Nd3+ 36. Ke2 Nxe1 37. Nxe1 Re3+ 38. Kd2 Rxe4 39. Nf3 Kf8 40. a4
Ke7 41. a5 Kd6 0-1

[Event "Interclub A"]
[Site "Adelaide"]
[Date "2008.04.29"]
[Round "1.4"]
[White "Turcaj, Pavel"]
[Black "Lozic, Anto"]
[Result "1-0"]
[WhiteElo "1566"]
[BlackElo "1407"]
[PlyCount "97"]
[EventDate "2008.04.29"]

1. e4 e5 2. Nf3 f6 3. Bc4 Bc5 4. O-O Ne7 5. Nc3 c6 6. d4 Bxd4 7. Nxd4 exd4 8.
Qxd4 d6 9. Bf4 Nd7 10. Qxd6 Qb6 11. Bb3 Qc5 12. Qd3 Ne5 13. Bxe5 Qxe5 14. Qc4
b5 15. Qf7+ Kd8 16. f4 Qc5+ 17. Kh1 Kc7 18. Qxg7 Bd7 19. Qxf6 h5 20. Rad1 h4
21. e5 Bf5 22. Qd6+ Kb6 23. Qxc5+ Kxc5 24. h3 a5 25. a3 a4 26. Ba2 Rhd8 27.
Rxd8 Rxd8 28. Rd1 Rxd1+ 29. Nxd1 Bxc2 30. Ne3 Be4 31. Kg1 Nf5 32. Nxf5 Bxf5 33.
Kf2 Kb6 34. g4 hxg3+ 35. Kxg3 c5 36. h4 c4 37. h5 Kc6 38. h6 Kd7 39. Kf3 Ke6
40. Ke3 Kd5 41. Kd2 Ke6 42. Kc3 Kf7 43. Kb4 Kg6 44. Kxb5 Kxh6 45. Bxc4 Kh5 46.
Kxa4 Kg4 47. e6 Kxf4 48. Kb5 Ke5 49. Kc6 1-0

[Event "Interclub A"]
[Site "Adelaide"]
[Date "2008.04.29"]
[Round "1.1"]
[White "Kerr, Bill"]
[Black "Mdinaradze, Edgar"]
[Result "1-0"]
[WhiteElo "1958"]
[BlackElo "1908"]
[PlyCount "105"]
[EventDate "2008.04.29"]

1. f4 c5 2. Nf3 Nf6 3. g3 Nc6 4. Bg2 d5 5. d3 g6 6. O-O Bg7 7. Qe1 O-O 8. e4 e6
9. h3 Re8 10. g4 dxe4 11. dxe4 Qb6 12. Na3 Qa6 13. Rf2 b5 14. c4 bxc4 15. Bf1
Nb4 16. Nxc4 Qc6 17. a3 Na6 18. Ng5 Nd7 19. e5 Nb6 20. Nd6 Re7 21. Bb5 Qc7 22.
Ne8 Qd8 23. Nf6+ Bxf6 24. exf6 Rc7 25. Rd2 Nd5 26. Qh4 Qxf6 27. Qxh7+ Kf8 28.
f5 gxf5 29. Rxd5 exd5 30. Nf3 f4 31. g5 Qg7 32. Qh4 Bb7 33. Bxf4 Re7 34. Bd6
Rd8 35. Bxe7+ Kxe7 36. Re1+ Kf8 37. Qf4 d4 38. Re6 Bxf3 39. Rxa6 Bh5 40. Rxa7
d3 41. Bxd3 Qd4+ 42. Qxd4 Rxd4 43. Bf5 Rd1+ 44. Kf2 Rd2+ 45. Ke3 Rxb2 46. a4
Rb3+ 47. Ke4 Bf3+ 48. Ke5 Rb6 49. Rc7 Ra6 50. Bd7 Ba8 51. Bb5 Ra5 52. Kf6 Kg8
53. Rc8+ 1-0

[Event "Interclub A"]
[Site "Adelaide"]
[Date "2008.04.29"]
[Round "1.2"]
[White "Juszczynski, Mathew"]
[Black "Parikh, Vinay"]
[Result "1/2-1/2"]
[WhiteElo "1906"]
[BlackElo "2126"]
[PlyCount "82"]
[EventDate "2008.04.29"]

1. d4 Nf6 2. c4 g6 3. Nf3 Bg7 4. Nc3 d6 5. e4 O-O 6. Be2 Nc6 7. d5 Nb8 8. O-O
Nbd7 9. Be3 h6 10. h3 c6 11. dxc6 bxc6 12. Qd2 Kh7 13. Rad1 Qc7 14. b4 Bb7 15.
Nd4 a6 16. Nb3 Rfd8 17. a4 c5 18. bxc5 Nxc5 19. Nxc5 dxc5 20. Nd5 Bxd5 21. exd5
Ne4 22. Qd3 Nc3 23. Rc1 Nxe2+ 24. Qxe2 Rab8 25. Rb1 Rb4 26. Qc2 Rdb8 27. Bd2
Rb2 28. Rxb2 Rxb2 29. Qd3 Ra2 30. a5 Bd4 31. Be3 Qe5 32. Bxd4 Qxd4 33. Qxd4
cxd4 34. Rd1 Rxa5 35. Rxd4 Rc5 36. d6 exd6 37. Rxd6 a5 38. Ra6 Kg7 39. g4 h5
40. gxh5 Rxh5 41. Kg2 Rc5 1/2-1/2

[Event "Interclub A"]
[Site "Adelaide"]
[Date "2008.04.29"]
[Round "1.3"]
[White "Jelic, Mato"]
[Black "Lang, Grahame"]
[Result "1/2-1/2"]
[WhiteElo "1741"]
[BlackElo "1703"]
[PlyCount "67"]
[EventDate "2008.04.29"]

1. d4 Nf6 2. c4 c5 3. Nf3 cxd4 4. Nxd4 e5 5. Nb5 Bc5 6. Nd6+ Ke7 7. Nxc8+ Qxc8
8. Bg5 Bb4+ 9. Nd2 h6 10. Bxf6+ Kxf6 11. e3 Nc6 12. a3 Bxd2+ 13. Qxd2 Qc7 14.
Rd1 Rhd8 15. Be2 g6 16. O-O Rac8 17. f4 exf4 18. Rxf4+ Kg7 19. Qd5 d6 20. Bg4
Rb8 21. Rdf1 Ne5 22. Be2 Rd7 23. h4 Qc5 24. Rd4 Rc8 25. Qxc5 Rxc5 26. Rfd1 b6
27. b3 Rc6 28. Rd5 Kf6 29. Kf2 Ke6 30. g4 Rc5 31. Kg3 Ke7 32. Kf4 Rxd5 33. Rxd5
Rc7 34. a4 1/2-1/2

[Event "Interclub A"]
[Site "Adelaide"]
[Date "2008.04.29"]
[Round "1.4"]
[White "Staak, Eric"]
[Black "Anderson-Smith, William"]
[Result "1-0"]
[WhiteElo "1473"]
[BlackElo "1573"]
[Annotator "Anderson-Smith,W.T."]
[PlyCount "69"]
[EventDate "2008.04.29"]

1. e4 e6 2. Nf3 d5 3. e5 c5 4. b4 cxb4 5. d4 Nc6 6. a3 bxa3 7. c3 Bd7 8. Nxa3
a6 9. Bd3 f5 10. O-O b5 11. Nc2 Nh6 12. Re1 Nf7 13. Bxf5 Be7 14. Bd3 O-O 15.
Ne3 Na5 16. Nxd5 exd5 17. e6 Nc4 18. exd7 Qxd7 19. h3 Bf6 20. Ba3 Nxa3 21. Rxa3
Qd6 22. Ra2 Qc6 23. Qc2 g6 24. Bxg6 hxg6 25. Qxg6+ Kh8 26. Ne5 Qxc3 27. Qxf6+
Kg8 28. Qg6+ Kh8 29. Nxf7+ Rxf7 30. Qh5+ Kg8 31. Qg4+ Kf8 32. Re3 Qc1+ 33. Kh2
Qc7+ 34. g3 b4 35. Qh5 $138 1-0

[Event "Interclub A"]
[Site "Adelaide"]
[Date "2008.05.06"]
[Round "2.1"]
[White "Goldsmith, Alan"]
[Black "Mdinaradze, Edgar"]
[Result "0-1"]
[WhiteElo "2030"]
[BlackElo "1908"]
[PlyCount "166"]
[EventDate "2008.04.29"]

1. e4 d6 2. d4 Nf6 3. Nc3 g6 4. f4 c6 5. e5 Nd5 6. Ne4 Bg7 7. h4 h5 8. Nf3 Bg4
9. Be2 Nc7 10. Nfg5 Bxe2 11. Qxe2 d5 12. Ng3 e6 13. O-O Qe7 14. f5 exf5 15.
Rxf5 f6 16. Qd3 fxg5 17. Bxg5 Qe6 18. Raf1 gxf5 19. Nxf5 Bf8 20. Be7 Bxe7 21.
Ng7+ Kd7 22. Nxe6 Nxe6 23. Rf7 Na6 24. Qa3 Nac5 25. dxc5 Raf8 26. Qf3 Rxf7 27.
Qxf7 Rf8 28. Qh7 Rf4 29. c3 Rxh4 30. b4 Rc4 31. Qd3 h4 32. Kh2 Re4 33. b5 Bxc5
34. c4 Nf4 35. bxc6+ bxc6 36. Qb1 Bb6 37. cxd5 cxd5 38. Qb5+ Ke6 39. Qe8+ Kf5
40. Qh8 Rxe5 41. Qxh4 Re2 42. Qh7+ Ke6 43. Qh6+ Ke5 44. Qg5+ Ke4 45. Qe7+ Kf5
46. Qf7+ Kg5 47. Qg7+ Kf5 48. Qf8+ Ke5 49. Qe7+ Ne6 50. Kh3 Rxa2 51. g4 Bc5 52.
Qe8 Ra3+ 53. Kh4 Bf2+ 54. Kh5 Rh3+ 55. Kg6 Be3 56. Qb8+ Ke4 57. Qb1+ Kf3 58.
Qd1+ Kg3 59. Kf5 Nd4+ 60. Ke5 Nf3+ 61. Kd6 d4 62. Kd5 Kxg4 63. Ke4 Rg3 64. Qc2
Ng5+ 65. Ke5 Kf3 66. Qd1+ Kf2 67. Qc2+ Kg1 68. Qd1+ Kg2 69. Qc2+ Bf2 70. Qc6+
Nf3+ 71. Ke4 Ng5+ 72. Kf4+ Kh2 73. Qc2 Nh3+ 74. Ke4 Re3+ 75. Kf5 d3 76. Qc7+
Kg1 77. Qg7+ Kf1 78. Qa1+ Ke2 79. Qa6 Rf3+ 80. Kg4 Be3 81. Qb5 Nf2+ 82. Kh5 Rg3
83. Qc4 Rg5+ 0-1

[Event "Interclub A"]
[Site "Adelaide"]
[Date "2008.05.06"]
[Round "2.2"]
[White "Juszczynski, Mathew"]
[Black "Vosvotekas, Ross"]
[Result "1-0"]
[WhiteElo "1906"]
[BlackElo "1649"]
[PlyCount "57"]
[EventDate "2008.04.29"]

1. e4 c5 2. c3 d5 3. exd5 Qxd5 4. d4 Nf6 5. Nf3 Bg4 6. dxc5 Qxd1+ 7. Kxd1 Ne4
8. Be3 e6 9. b4 Nd7 10. Be2 O-O-O 11. Kc2 Be7 12. Nd4 Bxe2 13. Nxe2 Ne5 14. Ng3
Nxg3 15. hxg3 Ng4 16. Re1 Bf6 17. Na3 a5 18. Rad1 Rxd1 19. Rxd1 Nxe3+ 20. fxe3
axb4 21. cxb4 h5 22. Nc4 Be7 23. Nb6+ Kb8 24. Rd7 Bg5 25. Rxf7 Bxe3 26. Rxg7
Rd8 27. Kb3 Rd1 28. Rg8+ Kc7 29. Rc8# 1-0

[Event "Interclub A"]
[Site "Adelaide"]
[Date "2008.05.06"]
[Round "2.3"]
[White "Cooke, Tristrom"]
[Black "Lang, Grahame"]
[Result "1/2-1/2"]
[WhiteElo "1558"]
[BlackElo "1703"]
[PlyCount "126"]
[EventDate "2008.04.29"]

1. e4 d6 2. d4 Nf6 3. Nc3 g6 4. Bc4 Bg7 5. f4 Nxe4 6. Bxf7+ Kxf7 7. Nxe4 Re8 8.
Nf3 e6 9. O-O b6 10. Qe1 h6 11. c3 Nd7 12. Qg3 Nf8 13. Bd2 Bb7 14. Rae1 d5 15.
Ne5+ Kg8 16. Nf2 Kh7 17. Nfg4 h5 18. Qh3 Kg8 19. Nf2 Qf6 20. Nfd3 Qf5 21. Qxf5
exf5 22. Rf3 Re6 23. Rfe3 Rae8 24. Nf3 Rxe3 25. Rxe3 Rxe3 26. Bxe3 Bf6 27. Bf2
Ba6 28. Nde5 Ne6 29. Nxg6 Kg7 30. Ngh4 Nxf4 31. Nxf5+ Kf8 32. Bg3 Ne2+ 33. Kf2
c5 34. dxc5 bxc5 35. Bd6+ Ke8 36. Bxc5 Bd3 37. Ne3 d4 38. Nxd4 Nc1 39. a3 a6
40. b4 Be4 41. Bb6 Bh4+ 42. g3 Bf6 43. c4 Nd3+ 44. Ke2 Ne5 45. Nb3 Bd3+ 46. Kf2
Nxc4 47. Nc5 Bd4 48. Nxd3 Bxb6 49. Nc5 Nxa3 50. Ke2 a5 51. Nd5 Bd8 52. bxa5
Bxa5 53. Nf4 h4 54. g4 Nb5 55. Ne4 Bc7 56. Ng6 Bxh2 57. Nxh4 Bf4 58. Kf3 Bc1
59. Ng6 Nd4+ 60. Kg3 Kf7 61. Nf4 Kg7 62. g5 Bxf4+ 63. Kxf4 Ne6+ 1/2-1/2

[Event "Interclub A"]
[Site "Adelaide"]
[Date "2008.05.06"]
[Round "2.4"]
[White "Staak, Eric"]
[Black "Kramer, Warren"]
[Result "1-0"]
[WhiteElo "1473"]
[BlackElo "1369"]
[PlyCount "87"]
[EventDate "2008.04.29"]

1. e4 e5 2. Nf3 f5 3. Nxe5 Nf6 4. Nc4 fxe4 5. d4 d5 6. Ne5 Bd6 7. Bg5 O-O 8. c4
Bb4+ 9. Nc3 Be6 10. c5 Nbd7 11. a3 Bxc3+ 12. bxc3 c6 13. Qd2 Qc7 14. Bf4 Nxe5
15. Bxe5 Qf7 16. Bd6 Rfe8 17. Be2 e3 18. Qxe3 Bg4 19. Be5 Bxe2 20. Qxe2 Ne4 21.
Qe3 Nf6 22. f4 Qg6 23. O-O Ne4 24. Ra2 b6 25. cxb6 axb6 26. Qh3 b5 27. f5 Qf7
28. Rf4 Nf6 29. g4 Ne4 30. g5 Nxg5 31. Qg4 Ne4 32. Rg2 Nf6 33. Qh4 Rxe5 34.
dxe5 Nh5 35. e6 Qa7+ 36. Kh1 Nxf4 37. Qxf4 Qxa3 38. Qe5 Qc1+ 39. Rg1 Qh6 40. f6
g6 41. f7+ Kf8 42. Qh8+ Ke7 43. Qxa8 Kxe6 44. f8=Q 1-0

[Event "Interclub A"]
[Site "Adelaide"]
[Date "2008.05.06"]
[Round "2.1"]
[White "Zulfic, Fedja"]
[Black "Kerr, Bill"]
[Result "0-1"]
[WhiteElo "1862"]
[BlackElo "1958"]
[PlyCount "84"]
[EventDate "2008.04.29"]

1. d4 f5 2. Nf3 Nf6 3. c4 g6 4. g3 Bg7 5. Bg2 d6 6. O-O O-O 7. Qc2 Qe8 8. d5 h6
9. Nc3 Na6 10. a3 e5 11. dxe6 Bxe6 12. b3 d5 13. cxd5 Nxd5 14. Bb2 Nb6 15. Nd2
c6 16. e4 Rd8 17. exf5 Bxf5 18. Nde4 Nc5 19. Rae1 Nd3 20. Re3 Nxb2 21. Qxb2 Qf7
22. Qa2 Bd4 23. Ree1 Be6 24. Rb1 Nd5 25. Qd2 Nxc3 26. Nxc3 Kh7 27. Qc2 Bg4 28.
Rbe1 Rfe8 29. h3 Bf3 30. Ne2 Bb6 31. Bxf3 Qxf3 32. Nf4 Qxg3+ 33. Ng2 Qxh3 34.
Qc4 Qd7 35. Rd1 Qf5 36. Ne3 Qf3 37. Rxd8 Rxd8 38. Qe6 Rf8 39. Ng4 Qf5 40. Qe7+
Rf7 41. Qh4 Qg5 42. Qg3 h5 0-1

[Event "Interclub A"]
[Site "Adelaide"]
[Date "2008.05.06"]
[Round "2.2"]
[White "Jelic, Mato"]
[Black "Saint, Andrew"]
[Result "1/2-1/2"]
[WhiteElo "1741"]
[BlackElo "1922"]
[Annotator "Anderson-Smith,W.T."]
[PlyCount "66"]
[EventDate "2008.04.29"]

1. d4 Nf6 2. c4 c5 3. Nf3 g6 4. Nc3 cxd4 5. Nxd4 Bg7 6. e4 d6 7. Be2 O-O 8. Be3
Nc6 9. O-O Bd7 10. Qd2 Nxd4 11. Bxd4 Qa5 12. Rfd1 Kh8 13. f3 Rac8 14. a3 a6 15.
b4 Qh5 16. Nd5 Nxd5 17. Bxg7+ Kxg7 18. Qxd5 Qxd5 19. exd5 b5 20. Rac1 bxc4 21.
Bxc4 Bb5 22. Bb3 Kf6 23. Kf2 g5 24. Ke3 Ke5 25. g3 Rg8 26. Re1 h5 27. Kd2+ Kf6
28. Re4 Rxc1 29. Kxc1 g4 30. Rf4+ Ke5 31. Rxf7 gxf3 32. Rxf3 Rg4 33. h3 Re4 {
Following moves unknown.} 1/2-1/2